000 004570000a22001810004500
003 MACL
005 20150930144426.0
008 150930b xxu||||| |||| 00| 0 eng d
040 _aMACL
_cMACL
041 _aEnglish
082 _a891
100 _aSastri, Ashok Chatterjee
_912885
245 _aBhattanarayana
_bMakers of Indian Literature
260 _bSahitya Akademi
_c1986
_aDelhi
350 _a5
650 _aLiterature
_912886
942 _cBK
_k891
_2ddc
999 _c5398
_d5398